000 00552nam a2200169 i 4500
001 34763
003 ES-MaACL
005 20230906155008.0
007 t|
008 030211s1904 sp ||||1| spa d
100 1 _aBonilla y San Martín, Adolfo,
_d1875-1926
_930193
245 1 0 _aAnales de la literatura española
_b: (años 1900-1904) /
_cpublicados por Adolfo Bonilla y San Martín.
260 _aMadrid :
_b[s.n.,
_c1904] (
_fViuda e Hijos de M. Tello)
300 _a299 p. ;
_c23 cm.
852 _aES-MaACL
_jB-1879
999 _c34763
_d34763